Castelli di San Marino su una Mappa - Statistics

Statistiche generali
  • Questo quiz è stato fatto 15 volte
  • Il punteggio medio è 6 su 9
Risposte nella Mappa
Le risposte nella mappa del quiz sottostante sono codificate secondo una scala di colori dal rosso al verde in base alla % di persone che hanno risposto correttamente.
 
Statistiche sulle risposte
Castelli % Corretto
San Marino
100%
Acquaviva
82%
Borgo Maggiore
73%
Serravalle
73%
Domagnano
64%
Faetano
64%
Fiorentino
64%
Chiesanuova
55%
Montegiardino
55%
Nessun quiz corrispondente trovato
Distribuzione punteggi
Percentuale di utenti per punteggio
Percentile per numero di risposta
I tuoi punteggi nel tempo
Non hai fatto questo quiz